000
00260nam a22000977a 4500
100
_a
Khan Muhammad
_a
01EL06
245
_a
techanical study of protection scheme of bin qasim power station karachi
260
_a
Nawabshah
_b
QUEST
_c
2010
300
_a
89
942
_c
BK
999
_c
57367
_d
57364